000 01152nam a2200337 i 4500
001 192948
003 SpMaBN
005 20250811095945.0
008 030826s2003 sp | ||| ||spa
016 7 _abimoBNE20030680565
_2SpMaBN
017 _aM 21919-2003
_bOficina Depósito Legal Madrid
020 _a8495427982
035 _a(OCoLC)52618739
040 _bspa
_cSpMaBN
_erdc
080 _a159.947.3
080 _a316.462
100 1 _aMassó Cantarero, Francisco,
_d1946-
_0XX1647177
_9226310
_eaut
245 1 4 _aLos pilares del poder humano /
_cFrancisco Massó Cantarero
260 _aMadrid :
_bEneida,
_c[2003]
300 _a254 páginas :
_bgráficos ;
_c24 cm
440 0 _aPuntos de vista ;
_v2
_9176667
500 _aÍndice
650 7 _aControl (Psicología)
_2embne
_9233666
650 7 _aPoder
_2embne
_916144
830 _9176667
_aPuntos de vista ;
_v2
852 _aES-MaACL
_bR. 153096
_cDEPOJ
_hDonación: Francisco Massó Cantarero
_jN-8493
_9200251
903 _aMassó Cantarero, Francisco,
_d1946-
_ednr
_9226310
942 _cMONOGRAFIA
_n0
999 _c192948
_d192948